000 00431nam a22001697a 4500
003 NUST - PNEC
005 20170116181144.0
008 151008b xxu||||| |||| 00| 0 eng d
020 _a9694150353
040 _cLIBRARY
082 _a370.954 ZAM
100 _914861
_aZaman, S. M
245 _aQua'id-i-Azam and education
_cS. M Zaman,
260 _cc1995.
650 _914863
_aMuslims--Education
_xGernral
942 _2ddc
_cBK
999 _c70613
_d70613